Responses for Show #7872 - Tuesday, November 27, 2018

Contestants

[<< previous game]

Myra Guideng, a wine club concierge from Seattle, Washington

Carol Radlo, a family practice physician from Sammamish, Washington

Dylan Hamilton, a pediatric dentist from Durham, North Carolina (whose 1-day cash winnings total $9,199)

[next game >>]

Jeopardy! Round responses

MANY MOONS
THE WRITER SPEAKS
TROPHY HUNTER
SPORTS STUFF
NAVY JARGON
HOLD THE HOMOPHONE
    $200 1
Saturn

Carol
    $200 16
Margaret Atwood

Dylan
    $200 26
Edison

Carol
    $200 11
the Cavaliers

Dylan
    $200 20
the brig

Dylan
    $200 2
marshal/martial

Myra
    $400 7
Jupiter

Dylan
    $400 17
Nabokov

Myra
    $400 27
Literature

Dylan
    $400 12
ice hockey

Dylan
    $400 22
(Dylan: What's an admiral?)

lieutenant

Dylan
Triple Stumper
    $400 3
stationery/stationary

Carol
    $600 8
Charon

Dylan
    $600 18
(John) Updike

Dylan
    $600 28
MTV

Myra
    $3,200 13
Hoosiers

Dylan
    $600 23
underwear

Carol
    $600 4
gilt/guilt

Triple Stumper
    $800 9
Uranus

Dylan
    $800 19
(Myra: What is Charlotte's Web?)

E.B. White

CarolMyra
    $800 29
[The end-of-round signal sounds.]

architecture

Carol
    $800 14
a no-hitter

Dylan
    $800 24
(Alex: Less than a minute.)

a mop

Dylan
    $800 5
petrol/petrel

Dylan
    $1000 10
Naiad

Triple Stumper
    $1000 21
Arthur C. Clarke

Triple Stumper
    $1000 15
an incorrect scorecard

Dylan
    $1000 25
shore leave

Myra
    $1000 6
Acadians/Akkadians

Triple Stumper

Scores at the first commercial break (after clue 15):

Dylan Carol Myra
$8,200 $600 $200

Scores at the end of the Jeopardy! Round:

Dylan Carol Myra
$10,000 $3,000 $1,400

Double Jeopardy! Round responses

LANGUAGE
FAMILIAL MUSIC
TRAVEL & TOURISM
THAT'S THE NAME
BRIDGE BURNERS
FIRST "IN", LAST "OUT"
(Alex: Each correct response will begin with "I-N" or end with "O-U-T".)
    $400 2
Arabic

Myra
    $400 11
Mumford & Sons

Carol
    $400 1
Bastille Day

Carol
    $400 12
the bee

Carol
    $400 16
Pennsylvania

Carol
    $400 21
initials

Carol
    $800 3
snow

Carol
    $800 23
"Papa Don't Preach"

Myra
    $800 7
the Andes

Dylan
    $800 13
Liam

Myra
    $800 17
the Tiber

Dylan
    $800 20
an ingot

Carol
    $2,000 4
British Sign Language

Carol
    $1200 24
"Sisters Are Doing It For Themselves"

Triple Stumper
    $1200 8
Bavaria

Triple Stumper
    $2,200 14
(Myra: What is Joseph?)

Christopher

Myra
    $1200 28
(Carol: Who is Pancho Villa?)
...
[The end-of-round signal sounds.]

Santa Anna

Carol
Triple Stumper
    $1200 18
lockout

Dylan
    $1600 5
Creole

Dylan
    $1600 25
the Jonases

Dylan
    $1600 9
Jamaica

Myra
    $1600 15
(Alex: The country next to Italy is France, so Saint [*].)

Francis

Triple Stumper
    $1600 19
a roundabout

Dylan
    $2000 6
Old English

Dylan
    $2000 26
(Myra: Who is Kid Cudi?)
...
(Alex: With less than a minute now.)

Uncle Kracker

Myra
Triple Stumper
    $2000 10
(Dylan: What is Harajuku?)

Ginza

DylanMyra
    $2000 27
(Alex: Look at me. What is [*]?)

Alexander

Triple Stumper
    $2000 22
incidental

Carol

Scores at the end of the Double Jeopardy! Round:

Dylan Carol Myra
$17,600 $9,400 $2,800

[wagering suggestions for these scores]

Final Jeopardy! Round responses

ACTRESSES
(Alex: The film, by the way, was called Fargo.)
...
(Alex: [To Dylan] The film was produced by the Coen brothers.)
MyraWho is Julia Roberts
$2,800
CarolWho is Angelina Jolie
$3,500
DylanWho Coppola?
$1,201
Frances McDormand

Final scores:

Dylan Carol Myra
$16,399 $5,900 $0
2-day champion: $25,598 2nd place: $2,000 3rd place: $1,000

Game dynamics:

Coryat scores:

Dylan Carol Myra
$15,000 $8,600 $5,000
21 R
(including 1 DD),
2 W
15 R
(including 1 DD),
1 W
9 R,
3 W
(including 1 DD)

Combined Coryat: $28,600

[game clues] [game scores] [suggest correction]

Game tape date: 2018-10-10
The J! Archive is created by fans, for fans. Scraping, republication, monetization, and malicious use prohibited; this site may use cookies and collect identifying information. See terms. The Jeopardy! game show and all elements thereof, including but not limited to copyright and trademark thereto, are the property of Jeopardy Productions, Inc. and are protected under law. This website is not affiliated with, sponsored by, or operated by Jeopardy Productions, Inc. Join the discussion at JBoard.tv.